Normal view
MARC view
- The Art of War on Land
Entry Topical Term
001 - CONTROL NUMBER
- control field: 105795
003 - CONTROL NUMBER IDENTIFIER
- control field: NUST
005 - DATE AND TIME OF LATEST TRANSACTION
- control field: 20221224111441.0
008 - FIXED-LENGTH DATA ELEMENTS
- fixed length control field: 221224|| aca||aabn | a|a d
040 ## - CATALOGING SOURCE
- Original cataloging agency: NUST
- Transcribing agency: NUST
150 ## - HEADING--TOPICAL TERM
- Topical term or geographic name entry element: The Art of War on Land
670 ## - SOURCE DATA FOUND
- Source citation: Work cat.: (NUST)185100: Burne , Alfred .H 105794, The Art of war on land /, 1947
